000 00480nam a2200193Ia 4500
008 101110s9999 xx 000 0 und d
041 _aENGLISH
082 _bJR2599
100 _aPandit, Kulkarni, Rathi
245 _aAccounting and Auditing ( XII )
365 _b30
520 _aCommerce
546 _aENGLISH
630 _aAccounting and Auditing ( XII )
650 _aCommerce
655 _aCommerce
730 _aAccounting and Auditing ( XII )
942 _cBOOK
999 _c794333
_d794330